Normal view
MARC view
Entry Topical Term
001 - CONTROL NUMBER
- control field: 39282
003 - CONTROL NUMBER IDENTIFIER
- control field: dpl
005 - DATE AND TIME OF LATEST TRANSACTION
- control field: 20120116143320.0
008 - FIXED-LENGTH DATA ELEMENTS
- fixed length control field: 120116|||a|||||| | ||| d
040 ## - CATALOGING SOURCE
- Original cataloging agency: dpl
- Transcribing agency: dpl
150 ## - HEADING--TOPICAL TERM
- Topical term or geographic name as entry element: बाल कहानियां
670 ## - SOURCE DATA FOUND
- Source citation: Work cat.: (dpl): रोहिताश्न अस्थाना द्वारा 39281, चुनी हुइ बाल कहानियां /, 2011
670 ## - SOURCE DATA FOUND
- Source citation: Work cat.: (dpl): रोहिताश्न अस्थाना द्वारा 39281, चुनी हुइ बाल कहानियां /, 2011
